Sankcie v medzinárodnom obchode (na príklade Iránu) bakalárska práca
Salvato in:
| Autore principale: | |
|---|---|
| Ente Autore: | |
| Altri autori: | |
| Natura: | Libro |
| Lingua: | slovacco |
| Pubblicazione: |
Bratislava
2022
|
| Tags: |
Nessun Tag, puoi essere il primo ad aggiungerne!!
|
MARC
| LEADER | 00000nbm a2200000 4500 | ||
|---|---|---|---|
| 001 | 0287521 | ||
| 005 | 20230112114507.7 | ||
| 041 | 0 | |a slo | |
| 044 | |a SK | ||
| 245 | 1 | 0 | |a Sankcie v medzinárodnom obchode (na príklade Iránu) |b bakalárska práca |c Peter Adamčík ; školiteľ: Ľubica Zubaľová |
| 264 | 1 | |a Bratislava |c 2022 | |
| 300 | |a 43 s. | ||
| 100 | 1 | |a Adamčík, Peter | |
| 700 | 1 | |a Zubaľová, Ľubica, 1969- | |
| 710 | 2 | |a Obchodná fakulta EU. Katedra medzinárodného obchodu | |